| 000 | 00461nam a22001697a 4500 | ||
|---|---|---|---|
| 999 |
_c2222 _d2222 |
||
| 003 | URS | ||
| 005 | 20220117090648.0 | ||
| 008 | 190926s1999 ph |||| |||| 00| 0 eng d | ||
| 020 | _a9712327892 | ||
| 040 |
_cURS _beng _drda |
||
| 050 | 1 | 4 |
_aPN 6014 _b.B298 1999 |
| 100 | _aBascara,Linda R. | ||
| 245 | 1 | 0 |
_aWorld literature _cLinda R. Bascara |
| 260 |
_aManila: _bRex Books Store; _c[1999] |
||
| 300 |
_axxii 249 pages: _bwith Illustration; _c22 cm. |
||
| 942 |
_2lcc _cF |
||